000 00679nam a2200205 a 4500
001 000040841
005 20201002034423.0
008 130909s2000 sp 000 0 spa d
020 _a8478443223
040 _aDO-SdBNP
_bspa
_cBNPHU
082 _axxxx
_bxxxx
100 1 _aGaarder, Jostein
_967261
245 1 3 _aEl Mundo de Sofía :
_bnovela sobre la historia de la filosofía /
_cJostein Gaarder ; traducción Kirsti Baggethun, Asunción Lorenzo.
250 _a41a ed.
260 _aMadrid, :
_bSiruela,
_c2000.
300 _a638 p. ;
_c22 cm.
500 _aIncluye índice onomástico
700 1 _aBaggethun, Kirsti,
_etr.
_967262
700 1 _aLorenzo, Asunción,
_etr.
_967263
999 _c40331
_d40331